[Event "CZE-chT2D 2223"]
[Site "Czech Republic"]
[Date "2023.02.05"]
[Round "8.4"]
[White "Grundman, Vaclav"]
[Black "Vestfal, Jan"]
[Result "1/2-1/2"]
[WhiteElo "2054"]
[BlackElo "1994"]
[PlyCount "80"]
[EventDate "2022.10.16"]
[EventType "team-tourn"]
[EventRounds "11"]
[EventCountry "CZE"]
[SourceTitle "EXT 2024"]
[Source "ChessBase"]
[SourceDate "2023.10.10"]
[SourceVersion "1"]
[SourceVersionDate "2023.10.10"]
[SourceQuality "1"]
[WhiteTeam "Usti nad Orlici"]
[BlackTeam "Hradec Kralove Lipky"]
[WhiteTeamCountry "CZE"]
[BlackTeamCountry "CZE"]

1. e4 c5 2. Nf3 e6 3. d4 cxd4 4. Nxd4 Nc6 5. Nc3 Qc7 6. g3 Nf6 7. Bg2 Nxd4 8. Qxd4 Bc5 9. Qd3 h5 10. Bf4 e5 11. Be3 a6 12. Bf3 d6 13. 0-0-0 Bb4 14. Bg5 Bxc3 15. Qxc3 Qxc3 16. bxc3 Ke7 17. Rd2 Bg4 18. Bg2 Rac8 19. Kb2 Rc5 20. Re1 Rhc8 21. Rd3 Rb5+ 22. Ka1 Be6 23. Rb1 Rcc5 24. Rxb5 Rxb5 25. a3 Rb6 26. f4 Bc4 27. Rd2 Ke6 28. f5+ Kd7 29. Bxf6 gxf6 30. Bf3 h4 31. gxh4 Rc6 32. h5 Rc8 33. Rg2 Rh8 34. a4 a5 35. Kb2 Ke7 36. Kc1 b6 37. Kd2 Kd7 38. Rg3 Ba6 39. Rg7 Ke7 40. Rg1 Kd7 1/2-1/2

[Event "CZE-chT2D 2223"]
[Site "Czech Republic"]
[Date "2022.10.16"]
[Round "1.4"]
[White "Grundman, Vaclav"]
[Black "Novak, Ales"]
[Result "1-0"]
[WhiteElo "2054"]
[BlackElo "2112"]
[PlyCount "139"]
[EventDate "2022.10.16"]
[EventType "team-tourn"]
[EventRounds "11"]
[EventCountry "CZE"]
[SourceTitle "EXT 2024"]
[Source "ChessBase"]
[SourceDate "2023.10.10"]
[SourceVersion "1"]
[SourceVersionDate "2023.10.10"]
[SourceQuality "1"]
[WhiteTeam "Usti nad Orlici"]
[BlackTeam "Policka Stefanydes"]
[WhiteTeamCountry "CZE"]
[BlackTeamCountry "CZE"]

1. e4 d6 2. d4 Nf6 3. Bd3 e5 4. c3 Be7 5. Nf3 Nbd7 6. 0-0 0-0 7. Nbd2 c6 8. Re1 Qc7 9. Nf1 Re8 10. Ng3 Nf8 11. h3 Ng6 12. Nh2 a5 13. a4 Be6 14. Ng4 Rad8 15. Nxf6+ Bxf6 16. Nh5 Qe7 17. Nxf6+ Qxf6 18. Be3 Nf4 19. Bf1 h6 20. Kh2 g5 21. g3 Ng6 22. Be2 Bc8 23. d5 c5 24. Rb1 Bd7 25. b4 b6 26. bxa5 bxa5 27. Bb5 Rf8 28. Bxd7 Rxd7 29. Rb5 Qd8 30. g4 Nh4 31. Qe2 Qf6 32. Reb1 Ra8 33. Rb6 Kg7 34. R1b5 Nf3+ 35. Kg3 Nh4 36. Rc6 Qe7 37. f3 Ng6 38. Qb2 Nf4 39. Qd2 Rdd8 40. Rbb6 h5 41. Bxf4 gxf4+ 42. Kg2 hxg4 43. fxg4 Rh8 44. Rxd6 Rxh3 45. Kxh3 Rh8+ 46. Rh6 Rxh6+ 47. Rxh6 Kxh6 48. d6 Qd7 49. Qd5 f6 50. Qd2 Kg5 51. Qd1 Qh7+ 52. Kg2 Qxe4+ 53. Kf2 Qe3+ 54. Kf1 Qh3+ 55. Kg1 Qg3+ 56. Kf1 f3 57. Qd2+ Kxg4 58. d7 Qh3+ 59. Kf2 Qh2+ 60. Ke3 Qf4+ 61. Kd3 e4+ 62. Kc2 e3 63. Qd5 e2 64. Qe6+ Kg3 65. d8Q Kf2 66. Qd2 Qxa4+ 67. Kb2 Qd1 68. Qde3+ Ke1 69. Qg1+ Kd2 70. Qd5# 1-0

[Event "CZE-chT2D 1920"]
[Site "Czech Republic"]
[Date "2020.02.23"]
[Round "9.3"]
[White "Pavlicek, Lukas"]
[Black "Grundman, Vaclav"]
[Result "1/2-1/2"]
[WhiteElo "1952"]
[BlackElo "2003"]
[PlyCount "40"]
[EventDate "2019.10.13"]
[EventType "team-tourn"]
[EventRounds "11"]
[EventCountry "CZE"]
[SourceTitle "EXT 2024"]
[Source "ChessBase"]
[SourceDate "2023.10.10"]
[SourceVersion "1"]
[SourceVersionDate "2023.10.10"]
[SourceQuality "1"]
[WhiteTeam "Policka Stefanydes"]
[BlackTeam "Vysoke Myto"]
[WhiteTeamCountry "CZE"]
[BlackTeamCountry "CZE"]

1. d4 Nf6 2. c4 c5 3. d5 e6 4. Nc3 exd5 5. cxd5 d6 6. e4 g6 7. Nf3 Bg7 8. Bg5 0-0 9. Nd2 a6 10. a4 Re8 11. Be2 Nbd7 12. 0-0 Rb8 13. f4 Qc7 14. Qc2 c4 15. Bxc4 b5 16. axb5 axb5 17. Bd3 b4 18. Nd1 Qxc2 19. Bxc2 b3 20. Bb1 Nc5 1/2-1/2

[Event "CZE-chT2D 1819"]
[Site "Czech Republic"]
[Date "2019.03.17"]
[Round "10.3"]
[White "Tesar, Jan"]
[Black "Grundman, Vaclav"]
[Result "1/2-1/2"]
[WhiteElo "2033"]
[BlackElo "2005"]
[PlyCount "45"]
[EventDate "2018.10.14"]
[EventType "team-tourn"]
[EventRounds "11"]
[EventCountry "CZE"]
[SourceTitle "EXT 2022"]
[Source "ChessBase"]
[SourceDate "2021.10.06"]
[SourceVersion "1"]
[SourceVersionDate "2021.10.06"]
[SourceQuality "1"]
[WhiteTeam "Dalesice Pivovar"]
[BlackTeam "Vysoke Myto"]
[WhiteTeamCountry "CZE"]
[BlackTeamCountry "CZE"]

1. c4 e5 2. Nc3 Nc6 3. g3 g6 4. Bg2 Bg7 5. e4 d6 6. Nge2 f5 7. d3 Nf6 8. h3 Be6 9. Be3 Qd7 10. Qd2 fxe4 11. Nxe4 Nxe4 12. Bxe4 Bxh3 13. 0-0-0 Bf5 14. Nc3 Bxe4 15. dxe4 0-0-0 16. Nd5 Nd4 17. Qa5 Kb8 18. Rd3 c6 19. Ra3 cxd5 20. Qxa7+ Kc7 21. Qa5+ Kb8 22. Qa7+ Kc7 23. Qa5+ 1/2-1/2

[Event "CZE-chT2D 1819"]
[Site "Czech Republic"]
[Date "2019.01.27"]
[Round "7.3"]
[White "Vesely, Vitek"]
[Black "Grundman, Vaclav"]
[Result "1/2-1/2"]
[WhiteElo "2055"]
[BlackElo "2005"]
[PlyCount "211"]
[EventDate "2018.10.14"]
[EventType "team-tourn"]
[EventRounds "11"]
[EventCountry "CZE"]
[SourceTitle "EXT 2022"]
[Source "ChessBase"]
[SourceDate "2021.10.06"]
[SourceVersion "1"]
[SourceVersionDate "2021.10.06"]
[SourceQuality "1"]
[WhiteTeam "Chotebor"]
[BlackTeam "Vysoke Myto"]
[WhiteTeamCountry "CZE"]
[BlackTeamCountry "CZE"]

1. d4 Nf6 2. c4 c5 3. d5 e6 4. Nc3 exd5 5. cxd5 d6 6. Nf3 g6 7. Bg5 Bg7 8. Nd2 0-0 9. e3 a6 10. a4 Nbd7 11. Be2 Re8 12. 0-0 Qc7 13. h3 Rb8 14. Qc2 c4 15. a5 b5 16. axb6 Nxb6 17. e4 Nfd7 18. Be3 Ne5 19. f4 Ned7 20. f5 Nf6 21. fxg6 hxg6 22. Bg5 Nfd7 23. Kh1 Qc5 24. Rf3 Ne5 25. Be3 Qc7 26. Rf2 Nbd7 27. Raf1 a5 28. Nf3 Nxf3 29. Rxf3 Ne5 30. R3f2 Qb7 31. Nd1 Qb4 32. Bd2 Qb5 33. Bc3 Re7 34. Ne3 Rc7 35. Qd2 a4 36. Nc2 Re7 37. Nd4 Qc5 38. Nc6 Nxc6 39. Bxg7 Kxg7 40. dxc6 Be6 41. Rf4 Qe5 42. Rh4 Kg8 43. Qh6 Qg7 44. Qg5 Rc7 45. Qa5 Rxc6 46. Qxa4 Rcb6 47. Bg4 Qe5 48. Bxe6 Qxe6 49. Qa5 Qe5 50. Qa4 Qe6 51. Rhf4 Rxb2 52. Rxf7 Qxe4 53. R7f3 Rb1 54. Qd7 Qxf3 55. Qe6+ Kh8 56. gxf3 Rxf1+ 57. Kg2 Rbb1 58. Qxc4 Rfd1 59. Qf7 d5 60. Kg3 Rg1+ 61. Kf4 d4 62. Qc7 Rbe1 63. Qd8+ Kh7 64. Qxd4 Kg8 65. h4 Kf7 66. Qd7+ Kf6 67. Qd6+ Kf7 68. h5 gxh5 69. Kf5 Re7 70. Qf6+ Ke8 71. Qh8+ Kf7 72. Qh7+ Rg7 73. Qxh5+ Kg8 74. Qh1 Rgf7+ 75. Kg4 Rg7+ 76. Kf4 Kf7 77. Kf5 Ke8 78. f4 Kd7 79. Qd1+ Kc6 80. Qc2+ Kb5 81. Qb3+ Ka5 82. Kf6 Rc7 83. f5 Rgd7 84. Ke6 Re7+ 85. Kf6 Red7 86. Qa3+ Kb6 87. Qb4+ Ka6 88. Ke6 Rh7 89. f6 Rc6+ 90. Kd5 Rcc7 91. Qa4+ Kb6 92. Kd6 Rhf7 93. Qb4+ Ka6 94. Qa4+ Kb6 95. Qb4+ Ka6 96. Qa3+ Kb6 97. Qb2+ Ka6 98. Qb8 Rfd7+ 99. Ke6 Rh7 100. Qa8+ Kb6 101. Qd8 Kb7 102. Kd6 Rc6+ 103. Kd5 Rcc7 104. Kd6 Rc6+ 105. Kd5 Rcc7 106. Kd6 1/2-1/2

[Event "CZE-chT2D 1819"]
[Site "Czech Republic"]
[Date "2019.01.13"]
[Round "6.3"]
[White "Grundman, Vaclav"]
[Black "Kratochvil, Milan"]
[Result "1-0"]
[WhiteElo "2005"]
[BlackElo "2215"]
[PlyCount "95"]
[EventDate "2018.10.14"]
[EventType "team-tourn"]
[EventRounds "11"]
[EventCountry "CZE"]
[SourceTitle "EXT 2022"]
[Source "ChessBase"]
[SourceDate "2021.10.06"]
[SourceVersion "1"]
[SourceVersionDate "2021.10.06"]
[SourceQuality "1"]
[WhiteTeam "Vysoke Myto"]
[BlackTeam "Brno Lokomotiva"]
[WhiteTeamCountry "CZE"]
[BlackTeamCountry "CZE"]

1. e4 e5 2. Nf3 Nf6 3. Nc3 Nc6 4. Bb5 Bb4 5. d3 d6 6. Bg5 h6 7. Bh4 0-0 8. 0-0 Bxc3 9. bxc3 Qe7 10. h3 Nd8 11. Nh2 g5 12. Bg3 Ne6 13. Re1 c5 14. Nf1 Ng7 15. d4 Nfh5 16. Bh2 Nf4 17. Bc4 Be6 18. Ne3 cxd4 19. cxd4 Rac8 20. Bb3 Rc3 21. Qd2 Rfc8 22. Rad1 Qf6 23. dxe5 dxe5 24. Nd5 Bxd5 25. exd5 Qd6 26. Re3 R3c5 27. Ree1 b5 28. Qe3 Re8 29. Rd2 a5 30. a4 b4 31. Qf3 Re7 32. Bxf4 gxf4 33. g3 fxg3 34. fxg3 Kf8 35. Rf1 e4 36. Qf6 Rd7 37. Rf4 Rc3 38. Kh2 Qxf6 39. Rxf6 Ne8 40. Rxh6 e3 41. Re2 Nd6 42. Rh4 Re7 43. Rh8+ Kg7 44. Rd8 Nf5 45. d6 Re4 46. Rd7 Rxb3 47. cxb3 Nd4 48. Re7 1-0

[Event "CZE-chT2D 1819"]
[Site "Czech Republic"]
[Date "2018.11.04"]
[Round "2.3"]
[White "Grundman, Vaclav"]
[Black "Hora, Milan"]
[Result "1-0"]
[WhiteElo "2005"]
[BlackElo "2179"]
[PlyCount "113"]
[EventDate "2018.10.14"]
[EventType "team-tourn"]
[EventRounds "11"]
[EventCountry "CZE"]
[SourceTitle "EXT 2022"]
[Source "ChessBase"]
[SourceDate "2021.10.06"]
[SourceVersion "1"]
[SourceVersionDate "2021.10.06"]
[SourceQuality "1"]
[WhiteTeam "Vysoke Myto"]
[BlackTeam "Kolin"]
[WhiteTeamCountry "CZE"]
[BlackTeamCountry "CZE"]

1. e4 c5 2. Nf3 e6 3. d4 cxd4 4. Nxd4 a6 5. Nc3 Qc7 6. Bd3 Nc6 7. Nb3 Nf6 8. 0-0 Be7 9. Qe2 d6 10. Bd2 Nb4 11. f4 Nxd3 12. cxd3 0-0 13. e5 dxe5 14. fxe5 Nd7 15. d4 Qd8 16. Qg4 f5 17. Qg3 Nb6 18. Bh6 Rf7 19. Ne4 Nd5 20. Nd6 Bxd6 21. exd6 Bd7 22. Rae1 Rc8 23. Nc5 Qf6 24. Be3 Bb5 25. Rf2 f4 26. d7 Rcf8 27. Bxf4 Nxf4 28. Nxe6 Nxe6 29. Rxf6 Rxf6 30. h3 Bxd7 31. Qd6 Bc8 32. Qb4 Rd8 33. Qc4 Kh8 34. d5 Nf4 35. Re7 Ng6 36. Rc7 Rff8 37. Qc3 Rg8 38. d6 Nf4 39. Qe5 Ne6 40. Re7 Rge8 41. Rf7 Bd7 42. h4 Kg8 43. Rf3 Bc6 44. Rg3 Rd7 45. h5 Rf7 46. h6 g6 47. Re3 Nf8 48. Qd4 Rxe3 49. Qxe3 Bd7 50. a3 Ne6 51. Qe4 Nd8 52. b4 Be6 53. Qh4 Nc6 54. a4 Rd7 55. b5 axb5 56. axb5 Nd8 57. Qe7 1-0

[Event "CZE-chT2D 1718"]
[Site "Czech Republic"]
[Date "2017.12.17"]
[Round "5.3"]
[White "Vesely, Vitek"]
[Black "Grundman, Vaclav"]
[Result "1/2-1/2"]
[WhiteElo "2087"]
[BlackElo "1981"]
[PlyCount "62"]
[EventDate "2017.10.15"]
[EventType "team-tourn"]
[EventRounds "11"]
[EventCountry "CZE"]
[SourceTitle "EXT 2022"]
[Source "ChessBase"]
[SourceDate "2021.10.06"]
[SourceVersion "1"]
[SourceVersionDate "2021.10.06"]
[SourceQuality "1"]
[WhiteTeam "Dalesice Pivovar"]
[BlackTeam "Vysoke Myto"]
[WhiteTeamCountry "CZE"]
[BlackTeamCountry "CZE"]

1. d4 Nf6 2. c4 c5 3. d5 e6 4. Nc3 exd5 5. cxd5 d6 6. Nf3 g6 7. Bg5 Bg7 8. e3 0-0 9. Be2 Bg4 10. Nd2 Bxe2 11. Qxe2 Qd7 12. Bh4 Na6 13. e4 Rab8 14. a4 Nb4 15. 0-0 Rfe8 16. Qc4 Ng4 17. Nf3 Nc2 18. Rad1 Nd4 19. Qd3 a6 20. Bg3 Nxf3+ 21. Qxf3 b5 22. axb5 axb5 23. b3 Ne5 24. Bxe5 Bxe5 25. Rfe1 Ra8 26. Qd3 Reb8 27. Rb1 Ra3 28. Qc2 Rba8 29. Ne2 Ra2 30. Qd3 R8a3 31. Rec1 c4 1/2-1/2

[Event "CZE-chT2D 1718"]
[Site "Czech Republic"]
[Date "2017.12.03"]
[Round "4.3"]
[White "Grundman, Vaclav"]
[Black "Malivanek, Jiri"]
[Result "1-0"]
[WhiteElo "1981"]
[BlackElo "2077"]
[PlyCount "71"]
[EventDate "2017.10.15"]
[EventType "team-tourn"]
[EventRounds "11"]
[EventCountry "CZE"]
[SourceTitle "EXT 2022"]
[Source "ChessBase"]
[SourceDate "2021.10.06"]
[SourceVersion "1"]
[SourceVersionDate "2021.10.06"]
[SourceQuality "1"]
[WhiteTeam "Vysoke Myto"]
[BlackTeam "Pardubice Eurobit"]
[WhiteTeamCountry "CZE"]
[BlackTeamCountry "CZE"]

1. e4 e6 2. d4 d5 3. exd5 exd5 4. Nf3 Bd6 5. c4 Nf6 6. Nc3 c6 7. Bg5 Be6 8. cxd5 cxd5 9. Qb3 Nbd7 10. Be2 Qb6 11. 0-0 0-0 12. Qxb6 axb6 13. Nb5 Bb8 14. Rfc1 Ne4 15. Nc7 Ra7 16. Be7 Bxc7 17. Rxc7 Rfa8 18. a3 Nf8 19. Rac1 Rb8 20. Ne5 Raa8 21. f3 Nf6 22. Bxf6 gxf6 23. Nd3 Nd7 24. Nf4 Nf8 25. Bb5 Kg7 26. Kf2 f5 27. Re7 Rc8 28. Rcc7 Rxc7 29. Rxc7 Rb8 30. Ke3 Kf6 31. h4 h6 32. Kd3 Kg7 33. Ba4 Kf6 34. Bb3 b5 35. Bxd5 b4 36. Rxb7 1-0

[Event "Pardubice Czech op-B 28th"]
[Site "Pardubice"]
[Date "2017.07.27"]
[Round "7"]
[White "Grundman, Vaclav"]
[Black "Netusil, Jakub"]
[Result "1/2-1/2"]
[WhiteElo "2046"]
[BlackElo "1944"]
[PlyCount "29"]
[EventDate "2017.07.21"]
[EventType "swiss"]
[EventRounds "9"]
[EventCountry "CZE"]
[SourceTitle "CBM 179 Extra"]
[Source "ChessBase"]
[SourceDate "2017.08.23"]
[SourceVersion "1"]
[SourceVersionDate "2017.08.23"]
[SourceQuality "1"]

1. d4 d5 2. c4 e6 3. Nf3 Nf6 4. Bg5 Be7 5. Nc3 h6 6. Bh4 0-0 7. e3 b6 8. cxd5 Nxd5 9. Bxe7 Nxe7 10. Be2 Nd7 11. 0-0 Bb7 12. Rc1 Nd5 13. a3 c5 14. Nb5 Qe7 15. Qd2 1/2-1/2

[Event "Pardubice Czech op-B 28th"]
[Site "Pardubice"]
[Date "2017.07.26"]
[Round "6"]
[White "Haase, Pavel"]
[Black "Grundman, Vaclav"]
[Result "1/2-1/2"]
[WhiteElo "2103"]
[BlackElo "2046"]
[PlyCount "69"]
[EventDate "2017.07.21"]
[EventType "swiss"]
[EventRounds "9"]
[EventCountry "CZE"]
[SourceTitle "CBM 179 Extra"]
[Source "ChessBase"]
[SourceDate "2017.08.23"]
[SourceVersion "1"]
[SourceVersionDate "2017.08.23"]
[SourceQuality "1"]

1. d4 Nf6 2. Nf3 g6 3. c4 c5 4. d5 e6 5. Nc3 exd5 6. Nxd5 Nxd5 7. Qxd5 d6 8. Bg5 Be7 9. Bxe7 Qxe7 10. e3 Be6 11. Qd2 Nc6 12. Be2 0-0 13. 0-0 Rad8 14. e4 Ne5 15. Qc3 Nxf3+ 16. Bxf3 Qg5 17. Rfd1 Qe5 18. Rd3 Rd7 19. Rad1 Rfd8 20. g3 b6 21. Bg2 Qxc3 22. Rxc3 f6 23. b3 a6 24. a4 Kf7 25. f4 Rb8 26. Bf1 Ke7 27. Be2 Rdd8 28. g4 h6 29. Rh3 Rh8 30. Rhd3 Rbd8 31. Kf2 g5 32. f5 Bf7 33. Kg3 a5 34. h4 Rhf8 35. Rh1 1/2-1/2

[Event "CZE-chT U18 Extraliga final-A 1617"]
[Site "Czech Republic"]
[Date "2017.04.23"]
[Round "11.2"]
[White "Jelinek, Michal"]
[Black "Grundman, Vaclav"]
[Result "0-1"]
[WhiteElo "2101"]
[BlackElo "2113"]
[PlyCount "100"]
[EventDate "2016.10.01"]
[EventType "team-tourn"]
[EventRounds "11"]
[EventCountry "CZE"]
[SourceTitle "EXT 2022"]
[Source "ChessBase"]
[SourceDate "2021.10.06"]
[SourceVersion "1"]
[SourceVersionDate "2021.10.06"]
[SourceQuality "1"]
[WhiteTeam "Praha Oaza U18"]
[BlackTeam "Polabiny U18"]
[WhiteTeamCountry "CZE"]
[BlackTeamCountry "CZE"]

1. d4 Nf6 2. c4 g6 3. Nc3 d5 4. Nf3 Bg7 5. Qb3 dxc4 6. Qxc4 0-0 7. e4 Bg4 8. Be3 Nc6 9. Rd1 Nd7 10. Qb3 Nb6 11. d5 Ne5 12. Be2 Bxf3 13. gxf3 Qd7 14. f4 Ng4 15. Bd4 Bxd4 16. Rxd4 c6 17. Qd1 Nf6 18. d6 exd6 19. Rxd6 Qe7 20. e5 Nfd5 21. Nxd5 Nxd5 22. Qd4 Qh4 23. Bf3 Nxf4 24. 0-0 Rad8 25. Rd1 Rxd6 26. exd6 Nh3+ 27. Kg2 Qxd4 28. Rxd4 Ng5 29. Ra4 a6 30. Rb4 Nxf3 31. Kxf3 b5 32. Ke4 Rd8 33. Ke5 Kf8 34. Rb3 Ke8 35. Rd3 Kd7 36. Kf6 Re8 37. Rd2 Re6+ 38. Kxf7 Rxd6 39. Re2 Rd4 40. Re7+ Kd6 41. Ra7 Rf4+ 42. Kg7 Rxf2 43. Kxh7 Rxh2+ 44. Kxg6 Rxb2 45. Rxa6 Rf2 46. a4 bxa4 47. Rxa4 c5 48. Kg5 Kd5 49. Kg4 c4 50. Kg3 Rf7 0-1

[Event "CZE-chT1W 1617"]
[Site "Czech Republic"]
[Date "2017.04.09"]
[Round "11.6"]
[White "Hurtak, Otto"]
[Black "Grundman, Vaclav"]
[Result "1-0"]
[WhiteElo "1926"]
[BlackElo "2113"]
[PlyCount "99"]
[EventDate "2016.10.16"]
[EventType "team-tourn"]
[EventRounds "11"]
[EventCountry "CZE"]
[SourceTitle "CBM 177 Extra"]
[Source "ChessBase"]
[SourceDate "2017.04.27"]
[SourceVersion "1"]
[SourceVersionDate "2017.04.27"]
[SourceQuality "1"]
[WhiteTeam "Praha Bohemians"]
[BlackTeam "Polabiny"]
[WhiteTeamCountry "CZE"]
[BlackTeamCountry "CZE"]

1. d4 Nf6 2. c4 e6 3. Nc3 d5 4. cxd5 exd5 5. Bg5 Be7 6. e3 c6 7. Bd3 Nbd7 8. Qc2 0-0 9. Nge2 Re8 10. 0-0 Ne4 11. Bf4 f5 12. Nxd5 Bd6 13. Ndc3 Ndf6 14. Bxd6 Qxd6 15. Bxe4 Nxe4 16. Ng3 Nxg3 17. hxg3 Be6 18. Rad1 Rad8 19. Rde1 Qb4 20. Rc1 g6 21. a3 Qd6 22. Ne2 Bf7 23. Qc5 Qxc5 24. Rxc5 Kg7 25. Nf4 Kf6 26. b4 Rd7 27. Rfc1 a6 28. Nd3 Bd5 29. Ne5 Rd6 30. Nc4 Bxc4 31. R5xc4 h5 32. Kf1 Rd5 33. Rc5 Ke6 34. Ke2 Ra8 35. Rxd5 Kxd5 36. Rc5+ Kd6 37. Kf3 Re8 38. Ke2 b6 39. Rc1 Ra8 40. Rb1 b5 41. a4 Kd5 42. Kd3 Rh8 43. a5 Re8 44. f3 Rf8 45. Rc1 Kd6 46. Rc2 Rf6 47. Rc5 Rf8 48. Re5 Kd7 49. Ke2 Kd6 50. e4 1-0

[Event "CZE-chT2D 1617"]
[Site "Czech Republic"]
[Date "2017.03.19"]
[Round "10.3"]
[White "Grundman, Vaclav"]
[Black "Bujnoch, Radek"]
[Result "1/2-1/2"]
[WhiteElo "2113"]
[BlackElo "2271"]
[PlyCount "29"]
[EventDate "2016.10.09"]
[EventType "team-tourn"]
[EventRounds "11"]
[EventCountry "CZE"]
[SourceTitle "EXT 2022"]
[Source "ChessBase"]
[SourceDate "2021.10.06"]
[SourceVersion "1"]
[SourceVersionDate "2021.10.06"]
[SourceQuality "1"]
[WhiteTeam "Usti nad Orlici"]
[BlackTeam "Polabiny II"]
[WhiteTeamCountry "CZE"]
[BlackTeamCountry "CZE"]

1. e4 c5 2. Nf3 Nc6 3. d4 cxd4 4. Nxd4 Nf6 5. Nc3 e5 6. Ndb5 d6 7. Bg5 a6 8. Na3 b5 9. Bxf6 gxf6 10. Nd5 f5 11. Bd3 Be6 12. 0-0 Bxd5 13. exd5 Ne7 14. Re1 Bg7 15. c3 1/2-1/2

[Event "CZE-chT2D 1617"]
[Site "Czech Republic"]
[Date "2017.02.26"]
[Round "9.3"]
[White "Reznicek, Dominik"]
[Black "Grundman, Vaclav"]
[Result "1-0"]
[WhiteElo "2032"]
[BlackElo "2113"]
[PlyCount "29"]
[EventDate "2016.10.09"]
[EventType "team-tourn"]
[EventRounds "11"]
[EventCountry "CZE"]
[SourceTitle "EXT 2022"]
[Source "ChessBase"]
[SourceDate "2021.10.06"]
[SourceVersion "1"]
[SourceVersionDate "2021.10.06"]
[SourceQuality "1"]
[WhiteTeam "Polabiny III"]
[BlackTeam "Usti nad Orlici"]
[WhiteTeamCountry "CZE"]
[BlackTeamCountry "CZE"]

1. e4 c5 2. c3 d5 3. exd5 Qxd5 4. d4 Nc6 5. Nf3 Bf5 6. Na3 Nf6 7. Be3 cxd4 8. Nxd4 Nxd4 9. Qxd4 a6 10. Nc4 e6 11. Rd1 Rd8 12. Be2 Be4 13. Qb6 Bxg2 14. Rg1 Bf3 15. Bxf3 1-0

[Event "CZE-chT2D 1617"]
[Site "Czech Republic"]
[Date "2017.01.29"]
[Round "7.2"]
[White "Grundman, Vaclav"]
[Black "Pokorny, Zdenek"]
[Result "0-1"]
[WhiteElo "2113"]
[BlackElo "2265"]
[PlyCount "70"]
[EventDate "2016.10.09"]
[EventType "team-tourn"]
[EventRounds "11"]
[EventCountry "CZE"]
[SourceTitle "EXT 2022"]
[Source "ChessBase"]
[SourceDate "2021.10.06"]
[SourceVersion "1"]
[SourceVersionDate "2021.10.06"]
[SourceQuality "1"]
[WhiteTeam "Usti nad Orlici"]
[BlackTeam "Hradec Kralove II"]
[WhiteTeamCountry "CZE"]
[BlackTeamCountry "CZE"]

1. e4 e5 2. Nf3 Nc6 3. Bb5 a6 4. Ba4 Nf6 5. 0-0 Be7 6. Re1 b5 7. Bb3 d6 8. c3 Na5 9. Bc2 c5 10. h3 Qc7 11. d4 Bd7 12. Nbd2 cxd4 13. cxd4 Rc8 14. Bd3 Nc6 15. Nb3 Nb4 16. Bb1 0-0 17. a3 Nc6 18. d5 Nd8 19. Be3 Nb7 20. Nh2 a5 21. Ng4 Nxg4 22. hxg4 a4 23. Nd2 Na5 24. g3 h6 25. f4 exf4 26. gxf4 Bf6 27. e5 Bh4 28. exd6 Qxd6 29. Ne4 Qg6 30. Ng5 f5 31. Ne6 Bxe1 32. Nxf8 Rxf8 33. Qxe1 Qxg4+ 34. Kh2 Nb3 35. Ra2 Rf6 0-1

[Event "CZE-chT2D 1617"]
[Site "Czech Republic"]
[Date "2017.01.15"]
[Round "6.3"]
[White "Grundman, Vaclav"]
[Black "Skoda, Martin"]
[Result "1-0"]
[WhiteElo "2113"]
[BlackElo "2149"]
[PlyCount "161"]
[EventDate "2016.10.09"]
[EventType "team-tourn"]
[EventRounds "11"]
[EventCountry "CZE"]
[SourceTitle "EXT 2022"]
[Source "ChessBase"]
[SourceDate "2021.10.06"]
[SourceVersion "1"]
[SourceVersionDate "2021.10.06"]
[SourceQuality "1"]
[WhiteTeam "Usti nad Orlici"]
[BlackTeam "Jihlava Gambit"]
[WhiteTeamCountry "CZE"]
[BlackTeamCountry "CZE"]

1. e4 c5 2. Nf3 e6 3. d4 cxd4 4. Nxd4 a6 5. Nc3 Qc7 6. Bd3 Nf6 7. Qe2 d6 8. 0-0 Be7 9. Bd2 0-0 10. Rae1 b5 11. Kh1 Nc6 12. Nxc6 Qxc6 13. f4 e5 14. Nd5 Bd8 15. Ba5 Kh8 16. Bxd8 Rxd8 17. Nxf6 gxf6 18. Qh5 Be6 19. f5 Bc4 20. Bxc4 bxc4 21. Rf3 Rg8 22. Qxf7 Raf8 23. Qe7 Qc8 24. Qxd6 Qd8 25. Rd1 Qxd6 26. Rxd6 Rd8 27. Rxd8 Rxd8 28. h3 Rd1+ 29. Kh2 Re1 30. Ra3 Rxe4 31. Rxa6 Re2 32. Rxf6 Rxc2 33. Rb6 Kg7 34. a4 c3 35. bxc3 Rxc3 36. Re6 Ra3 37. Rxe5 Rxa4 38. g4 Ra3 39. Re6 Rb3 40. Kg2 Ra3 41. Re7+ Kg8 42. Re4 Kg7 43. Rf4 Kf6 44. Rf3 Ra1 45. Kg3 h5 46. Re3 hxg4 47. hxg4 Kg5 48. Re4 Ra3+ 49. Kf2 Rb3 50. Ke2 Ra3 51. Re3 Ra4 52. Rg3 Ra2+ 53. Kf3 Ra4 54. Rg1 Rf4+ 55. Ke3 Ra4 56. Rf1 Ra3+ 57. Kd4 Ra4+ 58. Kc5 Ra6 59. Rf2 Rf6 60. Kd5 Ra6 61. Rg2 Ra5+ 62. Ke4 Ra3 63. Rd2 Ra6 64. Ke5 Ra5+ 65. Rd5 Ra8 66. Ke6 Ra6+ 67. Rd6 Ra4 68. Ke7 Ra7+ 69. Rd7 Ra6 70. Kf7 Kxg4 71. f6 Kg5 72. Rd5+ Kh6 73. Re5 Rb6 74. Re6 Rb7+ 75. Kf8 Rb8+ 76. Re8 Rb7 77. f7 Kh7 78. Re2 Rb8+ 79. Ke7 Rb7+ 80. Kf6 Rb6+ 81. Re6 1-0

[Event "CZE-chT1W 1617"]
[Site "Czech Republic"]
[Date "2016.12.04"]
[Round "4.4"]
[White "Grundman, Vaclav"]
[Black "Starek, Stanislav"]
[Result "1/2-1/2"]
[WhiteElo "2113"]
[BlackElo "2165"]
[PlyCount "46"]
[EventDate "2016.10.16"]
[EventType "team-tourn"]
[EventRounds "11"]
[EventCountry "CZE"]
[SourceTitle "CBM 177 Extra"]
[Source "ChessBase"]
[SourceDate "2017.04.27"]
[SourceVersion "1"]
[SourceVersionDate "2017.04.27"]
[SourceQuality "1"]
[WhiteTeam "Polabiny"]
[BlackTeam "Pankrac"]
[WhiteTeamCountry "CZE"]
[BlackTeamCountry "CZE"]

1. e4 d6 2. d4 Nf6 3. Nc3 e5 4. Nf3 Nbd7 5. Bc4 Be7 6. 0-0 0-0 7. Be3 c6 8. Qe2 b5 9. Bd3 Bb7 10. dxe5 dxe5 11. Rfd1 Qc7 12. a3 a6 13. Nd2 Nc5 14. f3 Ne6 15. Ncb1 Rad8 16. b4 c5 17. c4 cxb4 18. cxb5 a5 19. axb4 axb4 20. Nb3 Nf4 21. Qc2 Qb8 22. Bf1 Rxd1 23. Qxd1 Rd8 1/2-1/2

[Event "CZE-chT U18 Extraliga final-A 1516"]
[Site "Czech Republic"]
[Date "2016.04.22"]
[Round "8.2"]
[White "Horak, Martin"]
[Black "Grundman, Vaclav"]
[Result "1-0"]
[WhiteElo "2036"]
[BlackElo "2022"]
[PlyCount "51"]
[EventDate "2015.10.03"]
[EventType "team-tourn"]
[EventRounds "11"]
[EventCountry "CZE"]
[SourceTitle "EXT 2022"]
[Source "ChessBase"]
[SourceDate "2021.10.06"]
[SourceVersion "1"]
[SourceVersionDate "2021.10.06"]
[SourceQuality "1"]
[WhiteTeam "Vlasim U18"]
[BlackTeam "Polabiny U18"]
[WhiteTeamCountry "CZE"]
[BlackTeamCountry "CZE"]

1. d4 Nf6 2. c4 e6 3. g3 d5 4. Bg2 Be7 5. Nf3 0-0 6. 0-0 dxc4 7. Ne5 Nc6 8. Nxc6 bxc6 9. Bxc6 Rb8 10. Na3 Bxa3 11. bxa3 Qd6 12. Qa4 Rb6 13. Bg2 Ba6 14. Bf4 Qe7 15. Bd2 Nd7 16. Ba5 Bb5 17. Qb4 Qxb4 18. axb4 Ra6 19. Bb7 Rd6 20. a4 Ba6 21. Bxc7 Bxb7 22. Bxd6 Rc8 23. Rac1 Bd5 24. f3 f5 25. Rfe1 c3 26. Bc5 1-0